LEADER 01382nas 22004453a 450 001 996321173603316 005 20221206112956.0 011 $a2233-7326 035 $a(OCoLC)52732528 035 $a(CKB)954925613001 035 $a(CONSER)--2018219010 035 $a(DE-599)ZDB2119239-X 035 $a(EXLCZ)99954925613001 100 $a20030728a19939999 --- - 101 0 $aeng 135 $aurmnu|||||||| 181 $ctxt$2rdacontent 182 $cc$2rdamedia 183 $acr$2rdacarrier 200 00$aETRI journal 210 $aTaejon, Korea $cElectronics and Telecommunications Research Institute 210 3 $aDaejeon, Korea$cElectronics and Telecommunications Research Institute$a[Chichester, UK]$cWiley 215 $avolumes $cillustrations ;$d26 cm 300 $aRefereed/Peer-reviewed 311 $a1225-6463 606 $aTelecommunication$vPeriodicals 606 $aElectronics$vPeriodicals 606 $aElectronics$2fast$3(OCoLC)fst00907538 606 $aTelecommunication$2fast$3(OCoLC)fst01145830 608 $aPeriodicals.$2fast 615 0$aTelecommunication 615 0$aElectronics 615 7$aElectronics. 615 7$aTelecommunication. 676 $a621.382/05 712 02$aHan'guk Cho?n'gi T'ongsin Yo?n'guso. 906 $aJOURNAL 912 $a996321173603316 996 $aETRI journal$91917678 997 $aUNISA